logo

Bir Sreshtho Munshi Abdur Rouf Library
Jhenaidah Cadet College

কমপ্লিট এডোবি ফটোশপ : (Record no. 11104)

MARC details
000 -LEADER
fixed length control field 00906nam a2200253 a 4500
001 - CONTROL NUMBER
JCCL Control Number 11104
003 - CONTROL NUMBER IDENTIFIER
JCCL marc code BD-JhCC
005 - DATE AND TIME OF LATEST TRANSACTION
control field 20200303134007.0
008 - FIXED-LENGTH DATA ELEMENTS--GENERAL INFORMATION
fixed length control field 190629s20022018bg a|||| |||| 000 0 ben d
020 ## - INTERNATIONAL STANDARD BOOK NUMBER
International Standard Book Number 984702770051X
035 ## - SYSTEM CONTROL NUMBER
system control number (BD-JhCC)11104
040 ## - CATALOGING SOURCE
Original cataloging agency BD-JhCC
Modifying agency BD-JhCC
041 ## - LANGUAGE CODE
Language code of Book ben
082 ## - DEWEY DECIMAL CLASSIFICATION NUMBER
Classification number 006.686
Author mark and Year ASH 2018
100 ## - MAIN ENTRY--PERSONAL NAME
Personal name আশরাফ, বাপ্পি
245 ## - TITLE STATEMENT
Title কমপ্লিট এডোবি ফটোশপ :
Remainder of title অ্যাডভান্সড ও প্রোফেশনাল /
Statement of responsibility, etc বাপ্পি আশরাফ
250 ## - EDITION STATEMENT
Edition statement ১১ তম সংস্করণ.
260 ## - PUBLICATION, DISTRIBUTION, ETC. (IMPRINT)
Place of publication, distribution, etc ঢাকা :
Name of publisher, distributor, etc জ্ঞানকোষ,
Date of publication, distribution, etc @2018.
300 ## - PHYSICAL DESCRIPTION
Pagination ৬৩৯ পৃ. :
Other physical details চিত্রবলী সংযোজিত;
Dimensions ২৪ সেমি.
650 ## - SUBJECT ADDED ENTRY--TOPICAL TERM
Topical term or geographic name as entry element Computer graphics
650 ## - SUBJECT ADDED ENTRY--TOPICAL TERM
Topical term or geographic name as entry element Adobe Photoshop
650 ## - SUBJECT ADDED ENTRY--TOPICAL TERM
Topical term or geographic name as entry element Adobe Lightroom
942 ## - ADDED ENTRY ELEMENTS (KOHA)
Source of classification or shelving scheme Dewey Decimal Classification
Koha item type Books
Koha issues (borrowed), all copies 2
Holdings
Source of classification or shelving scheme Damaged status Not for loan Home library Current library Shelving location Date of accession Cost, normal purchase price Total Checkouts Full call number Barcode Date last seen Date checked out Copy number Koha item type
Dewey Decimal Classification     JCC Rouf Library JCC Rouf Library General Stacks 06/29/2019 385.00 2 006.686 ASH 2018 15130 10/29/2023 10/16/2023 C-1 Books

JCC Library | Contacts | JCC Home

Last Update on 23 September 2017
Copyright @ 2017-2020 JCC Rouf Library
Rouf Library, Jhenidah Cadet College (JCC), Bangladesh